Flugziele vom Flughafen Dortmund (DTM) - Statistiken

Allgemein
  • Dieses Quiz wurde 211 mal gespielt
  • Das Durchschnittsergebnis liegt bei 23 aus 46
Antwortstatistiken
Land Airlines Flugziel % Korrekt
Vereinigtes Königreich Eurowings,Ryanair London Stansted / STN
89%
Spanien Eurowings,Ryanair Palma de Mallorca / PMI
89%
Griechenland Eurowings Rhodos / RHO
88%
Ungarn Wizz Air Budapest / BUD
85%
Österreich Ryanair Wien / VIE
85%
Deutschland Eurowings München / MUC
83%
Bulgarien Wizz Air Sofia / SOF
80%
Türkei SunExpress Antalya / AYT
78%
Kroatien Ryanair Zagreb / ZAG
77%
Portugal Ryanair Porto / OPO
76%
Rumänien Wizz Air Bukarest / OTP
75%
Serbien Wizz Air Belgrad / BEG
73%
Nordmazedonien Wizz Air Skopje / SKP
71%
Polen Ryanair Krakau / KRK
70%
Albanien Wizz Air Tirana / TIA
70%
Italien Wizz Air Rom / FCO
69%
Litauen Wizz Air Vilnius / VNO
66%
Griechenland Eurowings Heraklion / HER
65%
Polen Wizz Air Danzig / GDN
63%
Kosovo Trade Air,Wizz Air Pristina / PRN
62%
Türkei SunExpress Izmir / ADB
59%
Kroatien Eurowings Split / SPU
59%
Spanien Eurowings,Ryanair Malaga / AGP
57%
Moldawien Wizz Air Chisinau / KIV
53%
Armenien Wizz Air Jerewan / EVN
51%
Montenegro Wizz Air Podgorica / TGD
49%
Griechenland Eurowings,Ryanair Thessaloniki / SKG
47%
Polen Ryanair,Wizz Air Katowice / KTW
43%
Rumänien Wizz Air Cluj-Napoca / CLJ
42%
Spanien Eurowings Alicante / ALC
41%
Bulgarien Wizz Air Varna / VAR
41%
Polen Wizz Air Wroclaw / WRO
41%
Bosnien-Herzegowina Wizz Air Banja Luka / BNX
27%
Serbien Wizz Air Nis / INI
26%
Italien Eurowings Catania / CTA
23%
Rumänien Wizz Air Sibiu / SBZ
21%
Rumänien Wizz Air Timisoara / TSR
21%
Bosnien-Herzegowina Wizz Air Tuzla / TZL
21%
Rumänien Wizz Air Iasi / IAS
20%
Georgien Wizz Air Kutaissi / KUT
18%
Nordmazedonien Wizz Air Ohrid / OHD
17%
Türkei SunExpress Zonguldak / ONQ
10%
Griechenland Eurowings Kavala / KVA
9%
Polen Wizz Air Olsztyn / SZY
9%
Rumänien Wizz Air Suceava / SCV
8%
Rumänien Wizz Air Targu Mures / TGM
6%
Keine übereinstimmenden Quizze gefunden
Verteilung der Resultate
Anzahl Personen mit jedem Resultat
Perzentil nach korrekt beantworteten Fragen
Ihre Resultats-Entwicklung
Sie haben dieses Quiz noch nicht gespielt